000 00751cam a2200193 4500500
005 20260111080504.0
041 _afre
042 _adc
100 1 0 _aGac, Philippe
_eauthor
700 1 0 _aBrunner, Eugénie
_eauthor
245 0 0 _aLa synthèse de la qualité des comptes : une formule nouvelle pour améliorer la fiabilité des comptes des collectivités locales
260 _c2022.
500 _a76
690 _acomptabilité publique locale
690 _afinances locales
690 _aSynthèse de la qualité des comptes
786 0 _nGestion & Finances Publiques | 6 | 6 | 2022-12-20 | p. 12-18 | 1969-1009
856 4 1 _uhttps://droit.cairn.info/revue-gestion-et-finances-publiques-2022-6-page-12?lang=fr&redirect-ssocas=7080
999 _c1616368
_d1616368